LEADER 01100nam a2200289 a 4500 001 000000133284 003 CaOOAMICUS 005 20130325144121.0 008 130325s2010 it u000 u ita r 020 $a978-88-10-22146-4 040 $aPUL$bita 082 04$a220 100 1 $aMello, Alberto.$0(OLS)http://pul/name/25267 245 13$aLa solitudine del credente /$cAlberto Mello. 260 $aBologna :$bEDB,$c©2010. 300 $a127 p. ;$c21 cm. 490 1 $aCollana biblica 650 4$aSolitudine.$0(OLS)http://pul/subject/22121 830 0$aCollana biblica (Edizioni Dehoniane).$0(OLS)http://pul/title/43126 850 $aPUL 852 $aPUL$W1$xSL Religione 3$y85$m220 COLL 6.20$j153199$aRist. del 2010$qDDC 21$B152731$CPULBib$Z2$F152731 $H122019 $82 941 1 $a9 996 $6020$a978-88-10-22146-4$9(OLS)http://pul/number/152229 996 $6082$a220$9(OLS)http://pul/classification/523 996 $6245$aLa solitudine del credente$9(OLS)http://pul/title/168426 996 $6260$aBologna :$bEDB$9(OLS)http://pul/publisher/56073 LEADER 01185nam a2200253 a 4500 001 000000143412 003 CaOOAMICUS 005 20150519133931.0 008 150519s1907 gw u000 u ger r 040 $aPUL$bita 100 1 $aAdam, Karl,$d1876-1966.$0(OLS)http://pul/name/5780 245 14$aDer Kirchenbegriff Tertullians :$bEine dogmengeschichtliche Studie /$cvon Dr. Karl Adam. 260 $aPaderborn :$bSchöningh,$c1907. 300 $aVIII, 229 p. ;$c24 cm 490 1 $aForschungen zur Christlichen Literatur- und Dogmengeschichte ;$v6, 4 600 14$aTertullianus, Quintus Septimius Florens,$dc. 160-c. 225$xCritica e interpretazione.$0(OLS)http://pul/subject/23985 830 0$aForschungen zur Christlichen Literatur- und Dogmengeschichte ;$v6, 4.$0(OLS)http://pul/title/19816 850 $aPUL 852 $aPUL$W1$xDP2 Religione 1$y63$m24 A 8.6.4$j165550$qStampati$B165814$CPULBib$Z2$F165814 $82 941 1 $a8 961 $aPrecedenti collocazioni: 99 E 3. 996 $6245$aDer Kirchenbegriff Tertullians :$bEine dogmengeschichtliche Studie$9(OLS)http://pul/title/181456 996 $6260$aPaderborn :$bSchöningh$9(OLS)http://pul/publisher/52607